000 00638cam a22002052 4500
001 0000001587
005 20151217155812.0
008 070316s xx 000 0 eng d
020 _a071464062x :
_cKES 5,096
040 _aKABU
_cKABU
050 0 _aHC800
_b.A34
100 1 _aAdedeji, Adebayo.
_@0000150455
245 1 0 _aTowards a dynamic African economy :
_bselected speeches and lectures 1975-1986.
260 _aLondon :
_bFrank Cass,
_c1989.
300 _axxxvii, 692 p.
651 0 _aAfrica
_xEconomic conditions
_y1960-.
_@0000149691
908 _a070316
950 _@1
999 _c12622
_d12622